000 00770nam a22002297a 4500
999 _c15618
_d15618
003 MIRAKIL
005 20240312130644.0
008 240312b tu ||||| |||| 00| 0 tur d
020 _a9789751742070
040 _aTR-AnCHP
_cTR-AnCHP
041 _atur
082 _a819.12
_bS36d 2019
100 _aSerayi
245 1 0 _aDivan :
_b(notlandırılmış metin-inceleme) /
_cSerâyî ; hazırlayan: İbrahim Kolunsağ
250 _a1. bsk.
260 _aAnkara :
_bTürk Dil Kurumu,
_c2019
300 _a567 s. ;
_c24 cm.
490 0 _aAtatürk Kültür, Dil ve Tarih Yüksek Kurumu Türk Dil Kurumu yayınları.
_v1291
650 0 _97726
_aDivan şiiri
856 _zDijital Nüshası için Partimizin Kütüphane Sorumlusu ile iletişime geçiniz.
942 _2ddc
_cBKS